00570nam a2200157Ia 4500008004100000020001500041041000800056082001300064100002600077245007800103260005200181300001100233650002200244999001900266952012700285210716s2006 xx 000 0 und d a8120328558 aeng a160 CHAC aChakraborti, Chhanda. aLogic: informal symbolic and indictive.bInformal symbolic and indictive. aNew DelhibPrentice Hall of India PVt Ltdc2006 axx,552 aLogic Programming c187530d187530 001040708MCAaAIMITbAIMITeSita Book Houseg395.00l0o160 CHACpMCA07038r2026-05-23 00:00:00v316.00w2021-07-16yBK